000 nam a22 7a 4500
999 _c26220
_d26220
008 170203b xxu||||| |||| 00| 0 eng d
020 _a0958900027
050 _aQA 63 .S73 1990
100 _aStacey, Kaye
245 _aStrategies for problem solving :
_blesson plans for developing mathematical thinking/
_cKaye Stacey and Susie Groves
260 _aAustralia :
_bLatitude publications,
_c1990
300 _a1
700 _a Groves, Susie
942 _2lcc
_cBOOKS